00681nam a2200193Ia 4500001002200000003000900022008004100031040002300072041001300095100001900108240005500127245004800182250001500230260003100245300002500276490002800301501012400329700003400453937-GIB ed de (18845)IT-MiSPE171229s9999||||xx |||||||||||||| ||und|| aIT-MiSPEcIT-MiSPE aITALIANO aEdward Gibbon  aHistory of the declin and fall of the Roman Empire 0aDecadenza e caduta dell'Impero romanobIII. a1a ed. (v) aRomabNewton Comptonc1973 a477 p. [6 v.]c20 cm a Paperbacks storiciv12 aEdizioni San Paolo srl - Piazza Soncino, 5 - 20092 CINISELLO BALSAMO (MI) (non commercial uses only) ® Copyright 2018 aPietro Angaranog(traduzione)